| 000 | 00553nam a2200193 4500 | ||
|---|---|---|---|
| 003 | OSt | ||
| 005 | 20141230164044.0 | ||
| 008 | 141121s2014 sp | |||| 000 e spa d | ||
| 017 |
_aM 26115-2014 _bOficina Depósito Legal Madrid |
||
| 020 | _a9788416001286 | ||
| 040 |
_bcat _cCDMR |
||
| 100 | 1 |
_aFonseca, Diego _d1970- |
|
| 245 | 1 | 0 |
_aHamsters _b: una casa con historias que ruedan _cDiego Fonseca |
| 250 | _a1ª ed. | ||
| 260 |
_aMadrid _bLibros del K.O. _c2014 |
||
| 300 |
_a327 p. _c21 cm |
||
| 600 | 1 | 7 |
_aFonseca, Diego _d1970- _2embne |
| 942 |
_cMON _2udc |
||
| 999 |
_c6775 _d6775 |
||